[Event "SUI-chT"]
[Site "Switzerland"]
[Date "2022.06.12"]
[Round "3.8"]
[White "Belhadri, Benmia"]
[Black "Schweitzer, Olaf"]
[Result "0-1"]
[WhiteElo "2038"]
[BlackElo "1987"]
[PlyCount "82"]
[EventDate "2022.05.01"]
[EventType "team-tourn"]
[EventRounds "9"]
[EventCountry "SUI"]
[SourceTitle "EXT 2023"]
[Source "ChessBase"]
[SourceDate "2022.10.05"]
[SourceVersion "1"]
[SourceVersionDate "2022.10.05"]
[SourceQuality "1"]
[WhiteTeam "Luzern"]
[BlackTeam "Nyon"]
[WhiteTeamCountry "SUI"]
[BlackTeamCountry "SUI"]

1. d4 d5 2. Nf3 Nf6 3. e3 c5 4. b3 Nc6 5. Bb2 e6 6. Bd3 Bd6 7. 0-0 Qc7 8. Na3 a6 9. c4 cxd4 10. exd4 0-0 11. c5 Bf4 12. g3 Bh6 13. Nc2 Ne4 14. Ne3 f5 15. Qe2 Bd7 16. Ne1 Nb4 17. f3 Nxd3 18. Nxd3 Nxg3 19. hxg3 Bxe3+ 20. Kg2 f4 21. a4 Rf5 22. Ne5 Rg5 23. g4 Rf8 24. Rh1 Be8 25. Rh3 Rxe5 26. dxe5 d4 27. Qc4 Qxe5 28. Rd1 Bc6 29. Rh5 g5 30. Rdh1 Rf7 31. Qd3 Qd5 32. R1h3 e5 33. Rxg5+ Kf8 34. Rf5 e4 35. Rxd5 exd3 36. Re5 d2 37. Rh1 Rg7 38. g5 h6 39. b4 Rxg5+ 40. Rxg5 hxg5 41. Rd1 g4 0-1